MARC

LEADER 00000nam0a2200000 4500
001 262777
005 20231129104138.0
035 |a (RuTPU)RU\TPU\book\285760 
090 |a 262777 
100 |a 20140603d1972 k y0rusy50 ca 
101 0 |a rus 
102 |a UA 
105 |a a z 001zy 
200 1 |a Контактные явления в металлических расплавах  |f Ю. В. Найдич  |g Академия наук Украинской ССР (АН УССР), Институт проблем материаловедения им И. Н. Францевича (ИПМ) 
210 |a Киев  |c Наукова думка  |d 1972 
215 |a 196 с.  |c ил. 
320 |a Библиогр.: с. 196. 
606 1 |a Металлические расплавы  |2 stltpush  |3 (RuTPU)RU\TPU\subj\42375 
610 1 |a контактные явления 
610 1 |a капиллярные явления 
610 1 |a металлические расплавы 
610 1 |a поверхностные свойства 
610 1 |a смачиваемость 
610 1 |a металлизация 
675 |a 669  |v 3 
700 1 |a Найдич  |b Ю. В.  |g Юрий Владимирович 
712 0 2 |a Академия наук Украинской ССР (АН УССР)  |b Институт проблем материаловедения им И. Н. Францевича (ИПМ)  |c (Киев)  |3 (RuTPU)RU\TPU\col\1143 
801 1 |a RU  |b 63413507  |c 20140603 
801 2 |a RU  |b 63413507  |c 20140619  |g RCR 
942 |c BK